| 000 | 00989cam a2200289 a 4500 | ||
|---|---|---|---|
| 001 | 2785 | ||
| 005 | 20240115121443.0 | ||
| 020 | _a0590416154 | ||
| 020 | _a9780590411592 | ||
| 040 |
_aDLC _cDLC _dDLC _beng |
||
| 050 | 0 | 0 |
_aTL540.E3 _bL38 1988 |
| 082 | 0 | 0 |
_a629.13/092/4 _aB _a92 _219 |
| 100 | 1 | _aLauber, Patricia | |
| 245 | 1 | 0 |
_aLost star : _bthe story of Amelia Earhart / _cPatricia Lauber |
| 260 |
_aNew York : _bScholastic, _c1988 |
||
| 300 |
_a106 pages : _billustrations ; _c20 cm.0 |
||
| 500 | _aIncludes index. | ||
| 505 | _aW | ||
| 520 | _aTraces the life of the pilot who became the first woman to fly across the Atlantic Ocean and mysteriously disappeared in 1937 while attempting to fly around the world. | ||
| 521 |
_a870 _bLexile |
||
| 521 |
_aW _bRaz-Plus |
||
| 650 | 0 |
_aAir pilots _zUnited States _vBiography _vJuvenile literature. |
|
| 650 | 1 | _aAir pilots. | |
| 650 | 1 |
_aWomen _vBiography. |
|
| 906 |
_a7 _bcbc _corignew _d1 _eocip _f19 _gy-gencatlg |
||
| 942 |
_2ddc _cBK _n0 |
||
| 999 |
_c2785 _d2785 |
||